La psicología humanista: fundamentación epistemológica, estructura y método

Αποθηκεύτηκε σε:
Λεπτομέρειες βιβλιογραφικής εγγραφής
Κύριος συγγραφέας: Martínez Miguélez, Miguel (autor)
Μορφή: Βιβλίο
Γλώσσα:Ισπανικά
Έκδοση: Ciudad de México Trillas 1982
Θέματα:
Ετικέτες: Προσθήκη ετικέτας
Δεν υπάρχουν, Καταχωρήστε ετικέτα πρώτοι!

MARC

LEADER 00000nam a2200000 a 4500
001 UCY6074
003 CL-VaPUC
008 950521e19820100MX |||||||||||||||||spa|d
082 0 4 |a 150  |b MAR  |2 21 
100 |a Martínez Miguélez, Miguel  |e autor  |9 489099 
245 1 3 |a La psicología humanista: fundamentación epistemológica, estructura y método 
300 |a 170 p 
942 |c BK 
945 |d 19950521 00:00:00  |a mfernand 
260 |a Ciudad de México  |b Trillas  |c 1982 
650 0 |a Psicología   |9 257863 
650 0 |a Ciencia  |9 255691 
650 0 |a Metodología   |9 256610 
650 0 |a Humanismo  |9 256530 
650 7 |a HOMBRE  |2 CL-VaPUC  |9 262149 
650 0 |a Epistemología   |9 264994 
650 0 |a Filosofía   |9 223554 
583 |a last modification  |c 19950521 00:00:00  |k Rodrigo Vera 
999 |c 233657  |d 233655 
952 |0 0  |1 0  |4 0  |6 150_000000000000000_MAR_1982  |7 0  |8 P  |9 239323  |a BIBEDU  |b BIBEDU  |c BIBEDU_PB  |d 2019-11-18  |i 1505750  |o 150 MAR 1982  |p 1505750  |r 2024-01-25  |w 2019-11-18  |y BK  |k EDU 
952 |0 0  |1 0  |4 0  |6 150_000000000000000_MAR_1982  |7 0  |8 A  |9 239324  |a FDOPOS  |b FDOPOS  |d 2019-11-18  |i 4311817  |o 150 MAR 1982  |p 4311817  |r 2025-01-22  |w 2019-11-18  |y BK  |k MLA